Echelle de mots : de Poisson à Avril - Statistiques

Statistiques générales
  • Ce quiz a été pris 217 fois
  • Le résultat moyen est 7 sur 9
Statistiques - réponses
Indice Réponse % Correct
Animal aquatique qui nage dans les rivières ou les océans Poisson
99%
Substance toxique capable de rendre malade ou tuer (on enlève une lettre) Poison
96%
Le quatrième mois de l’année (on ajoute une lettre) Avril
92%
Moyen de transport aérien (on ajoute une lettre) Avion
89%
Enfant de l’oie (on enlève une lettre) Oison
87%
Action d’imbiber ou de traiter avec du vin (on enlève une lettre) Avin
61%
Rendre quelque chose inférieur ou moins noble Avil
49%
Ancienne forme d’un mot qui désigne ce que l’on prend pour voyager dans le ciel (on enlève une lettre) Vion
49%
Petit mammifère à fourrure, souvent chassé pour ses poils Vison
48%
Aucun quiz correspondant
Distribution des résultats
% des personnes avec chaque résultat
Percentile par nombre de réponses
Votre historique - résultats
Vous n’avez pas pris ce quiz